Catálogo

Vista normal Vista MARC

Entrada Personal Name

Número de registros utilizados en: 1

001 - CONTROL NUMBER

  • control field: 16632

003 - CONTROL NUMBER IDENTIFIER

  • control field: DLC

005 - DATE AND TIME OF LATEST TRANSACTION

  • control field: 20241219095246.0

008 - FIXED-LENGTH DATA ELEMENTS

  • fixed length control field: 790626n| azannaabn |a aaa

010 ## - LIBRARY OF CONGRESS CONTROL NUMBER

  • LC control number: n 79055037

035 ## - SYSTEM CONTROL NUMBER

  • System control number: (OCoLC)oca00288159

040 ## - CATALOGING SOURCE

  • Original cataloging agency: DLC
  • Language of cataloging: spa
  • Description conventions: rda
  • Transcribing agency: Mx-PuUPA
  • Modifying agency: DLC
  • Modifying agency: DLC-OB
  • Modifying agency: IEN
  • Modifying agency: NNC
  • Modifying agency: Mx-PuUPA

046 ## - SPECIAL CODED DATES

  • Birth date: 19380824
  • Source of date scheme: edtf
  • Death date: 20180501

100 1# - HEADING--PERSONAL NAME

  • Personal name: Altvater, Elmar,
  • Dates associated with a name: 1938-2018

370 ## - ASSOCIATED PLACE

  • Place of birth: Kamen, Alemania
  • Place of death: Berlín, Alemania

373 ## - ASSOCIATED GROUP

  • Associated group: Universidad Libre de Berlín
  • Source of term: naf

373 ## - ASSOCIATED GROUP

  • Associated group: Universidad de Múnich (1959–1963),
  • Source of term: naf

374 ## - OCCUPATION

  • Occupation: Profesor universitario
  • Occupation: Autor
  • Source of term: lcsh

375 ## - GENDER

  • Gender: hombre

377 ## - ASSOCIATED LANGUAGE

  • Language code: ger

400 1# - SEE FROM TRACING--PERSONAL NAME

  • Personal name: Altvater, Elmer
  • Dates associated with a name: 1938-2018

400 1# - SEE FROM TRACING--PERSONAL NAME

  • Personal name: Altvater, E.
  • Fuller form of name: (Elmar)
  • Dates associated with a name: 1938-2018

400 1# - SEE FROM TRACING--PERSONAL NAME

  • Personal name: Atvater, Elmar
  • Dates associated with a name: 1938-2018

670 ## - SOURCE DATA FOUND

  • Source citation: Fay, V. En partant du "Capital," 1968.

670 ## - SOURCE DATA FOUND

  • Source citation: Blanke, B. Tekster til statsanalysen, 1980:
  • Information found: t.p. (Elmar Altvater)

670 ## - SOURCE DATA FOUND

  • Source citation: Kürsch. Gel.-Kal., 1980
  • Information found: (Altvater, Elmer, Dr. phil., Prof. Freie U.)

670 ## - SOURCE DATA FOUND

  • Source citation: Sindacato, politica e corporativismo in Europa, 1970-1980, c1983:
  • Information found: t.p. (E. Altvater)

670 ## - SOURCE DATA FOUND

  • Source citation: Globalizzazione e transizione, 1998:
  • Information found: t.p. (Elmar Atvater) cover (Elmar Altvater) 4th prelim. p. (Elmar Altvater; teaches at the Free Univ. of Berlin; president of the Fondazione Lelio Basso)

670 ## - SOURCE DATA FOUND

  • Source citation: Info. converted from 678, 2012-10-02
  • Information found: (b. 1938)